000 00392nam a22001697a 4500
005 20160618101028.0
008 160618b xxu||||| |||| 00| 0 eng d
020 _a978-81-203-3072-6
041 _aeng
082 _b8082
100 _aApte, Madhavi
_92181
245 _aAcourse in English Communication
260 _bPHI
_c2008
300 _a201
650 _aManagement
_9241
942 _cBK
999 _c3048
_d3047